00557nam a2200169 a 4500999001500000020002700015020003000042082001300072100002000085245002100105260004300126300001400169650004500183856007000228942000700298952008200305 c3122d3122 a0471174211 (hardcover) a9780471174219 (hardcover) a512.5APO1 aApostol, Tom M.10aLinear Algebra : aNew York bJohn Wiley and Sons c1997. aXVI,347p. aAlgebras, LinearaDifferential equations40uhttp://www.amazon.com/exec/obidos/ASIN/0471174211/chopaconline-20 cBK 00104070aREFbREFd2014-05-15l0o512.5APOp22406r2014-05-15 00:00:00yBK